000 00320nam a2200121Ia 4500
005 20251222141940.0
008 251222s9999||||xx |||||||||||||| ||spa||
082 _a330.985/A35D
100 _aAlarco, Germán
245 0 _aDesafíos para la Economía Peruana 1985-1990
264 _bUniversidad del Pacífico
942 _cLIB
999 _c9325
_d9325